000 00650nam a2200205Ia 4500
003 GCL
008 140319s9999 xx 000 0 ara d
020 _a1520201977
040 _aGCL /
_cGCL
082 0 4 _a813.01
_bن ا
100 1 _aنادية كيلانى
245 1 0 _aاتهام :
_bمجموعة قصص /
_cنادية كيلانى
260 _aالقاهرة :
_bالهيئة المصرية العامة للكتاب ،
_c1997
300 _a215 ص ؛
_c18 سم
490 _aقصص عربية
_v0
650 0 4 _aالادب
650 0 4 _aالقصص العربية القصيرة
650 0 4 _aالقصص - مجموعات
942 _2ddc
_cBK
999 _c9398
_d9398